مكتبة جامعة عجلون الوطنية

فهرس بحث المكتبة

فاعلية برنامج تدريبي مستند على اللعب الجماعي في تنمية المهارات الاجتماعية لدى الطلبة ذوي الصعوبات التعلم = The Effectiveness of a Training Program Based on play Group in the Social Skills Development of Students with Learning Disabilities / (Record no. 33416)

MARC details
000 -LEADER
fixed length control field 01125nam a22001817a 4500
003 - CONTROL NUMBER IDENTIFIER
control field JO-AjAnu
005 - DATE AND TIME OF LATEST TRANSACTION
control field 20240605114840.0
008 - FIXED-LENGTH DATA ELEMENTS--GENERAL INFORMATION
fixed length control field 240403b jo ||||| |||| 00| 0 ara d
040 ## - CATALOGING SOURCE
Original cataloging agency JO-AjAnu
Transcribing agency JO-AjAnu
041 #0 - LANGUAGE CODE
Language code of text/sound track or separate title ara
100 #1 - MAIN ENTRY--PERSONAL NAME
Personal name الزغول، محمد حكم ساكت
9 (RLIN) 65280
Relator term معد
245 #0 - TITLE STATEMENT
Title فاعلية برنامج تدريبي مستند على اللعب الجماعي في تنمية المهارات الاجتماعية لدى الطلبة ذوي الصعوبات التعلم = The Effectiveness of a Training Program Based on play Group in the Social Skills Development of Students with Learning Disabilities /
Statement of responsibility, etc. اعداد محمد حكم ساكت الزغول ؛ إشراف فيصل عيسى نواصره
300 ## - PHYSICAL DESCRIPTION
Extent 105 ورقة
500 ## - GENERAL NOTE
General note رسالة جامعية(ماجستير).- جامعةعجلون الوطنية (عجلون، الأردن) ، كليةالعلوم التربوية، تخصص التربية الخاصة ، 2023.
650 70 - SUBJECT ADDED ENTRY--TOPICAL TERM
Topical term or geographic name entry element اللعب - جوانب نفسيه
9 (RLIN) 65281
700 #1 - ADDED ENTRY--PERSONAL NAME
Personal name النواصرة، فيصل عيسى.
Relator term مشرف
9 (RLIN) 65078
942 ## - ADDED ENTRY ELEMENTS (KOHA)
Source of classification or shelving scheme Library of Congress Classification
Koha item type Thesis
Suppress in OPAC No
Holdings
Withdrawn status Lost status Source of classification or shelving scheme Damaged status Not for loan Home library Current library Date acquired Total Checkouts Full call number Barcode Date last seen Price effective from Koha item type
    Library of Congress Classification     مكتبة جامعة عجلون الوطنية مكتبة جامعة عجلون الوطنية 03/04/2024   BF717.2023 A29601 03/04/2024 03/04/2024 Thesis
    Library of Congress Classification     مكتبة جامعة عجلون الوطنية مكتبة جامعة عجلون الوطنية 03/04/2024   BF717.2023 A29600 03/04/2024 03/04/2024 Thesis